Datum a čas kvízu
30.5
Celkem bodů
Celkový počet nahraných bodů na tomto kvízu bez doplňovacích otázek.
2.
Pořadí na kvízu
Konečné umístění týmu na tomto kvízu.
Zaznamenané odpovědi
| # | Otázka | Odpověď | Body | Výsledky |
|---|---|---|---|---|
| 1. | Vedení ČSSD zařadilo na čtvrté... | Petr Benda | 1 | |
| 2. | Berlínská čtvrť Zehlendorf se... | liška | 0 | |
| 3. | V úterý proběhl nominační veče... | Strážci (Watchmen) | 0 | |
| 4. | Tradiční český výrobce nákladn... | Avia | 0 | |
| 5. | Nejstarší klubová soutěž na sv... | Arsenal FC, Chelsea FC | 1 | |
| 6. | V tomto tématu se blíže podívá... | C | 0 | |
| 7. | Tato mapa vyznačuje jistý kult... | Laponsko | 1 | |
| 8. | Jak se nazývá ostrov ležící 30... | Utøya | 0 | |
| 9. | Tento Švéd se v poslední době... | Epidemiolog. | 1 | |
| 10. | Tato běžkyně na lyžích se s ka... | Marit Bjørgenová | 0 |